000 00881nam a2200229 a 4500
001 49132
003 BD-RjUL
005 20211209054635.0
008 160817s1998 BG a|||| |||| 00| 0 ben d
020 _c:TK. 100.00
035 _a(BD-RjUL)49251
040 _aBD-RjUL
_bben
_cBD-RjUL
041 _aben
082 _223
_a891.443
_bZUD 1998
245 0 0 _aযুদ্ধে যুদ্ধে নয় মাস /
_cসম্পাদনায় সুলতানা রিজিয়া
260 _aঢাকা :
_bসম্রাজ্ঞী প্রকাশনী,
_c১৯৯৮
300 _a১৭৪ পৃ. :
_c২১ সেমি.
_bচিত্র ;
650 _aবাংলা উপন্যাস
_9147674
650 _aBengali Fiction
_9147702
700 _aরিজিয়া, সুলতানা, সম্পাদক
_9147747
942 _2ddc
_cBK
999 _c49132
_d49132